| 000 | 00711nam a22001575i 4500 | ||
|---|---|---|---|
| 001 | 173889 | ||
| 003 | ES-MaACL | ||
| 005 | 20230906215401.0 | ||
| 008 | 100128s1841 sp |||| | spa d | ||
| 245 | 0 | 3 |
_aLa loca _b: drama en tres actos / _ctraducido del francés por Narciso de la Escosura. |
| 260 |
_a[Madrid : _bBoix], _c1841 ( _fImp. de Vicente de Lalama) |
||
| 300 |
_a56 p. ; _c17 cm. |
||
| 500 | _aEn port.: Representado por primera vez en el teatro del Príncipe. | ||
| 700 | 1 |
_aEscosura, Narciso de la. _9126955 |
|
| 852 |
_aES-MaACL _jF-8625(7) _z.- Enc. pasta española _q.- Falto de la cub. original _z.- Enc. en un vol. facticio formando parte de la col. facticia "Teatro español moderno", vol. 80 |
||
| 999 |
_c173889 _d173889 |
||